| 000 | 01014cam a2200217 4500 | ||
|---|---|---|---|
| 001 | WB3901-07 | ||
| 008 | 030109n2003 000 0 eng u | ||
| 035 | _a(Sirsi) u120956 | ||
| 245 | _aDemand for commercial property | ||
| 260 | _c2003 | ||
| 490 |
_aCBI News Release _v8 January 2003, (4) |
||
| 520 | _aThe CBI/GVA Grimley "Survey of property trends" for Winter 2002-03 shows that demand for commercial property grew in the second half of 2002 with a balance of plus 13%. The bi-annual survey predicts a slowdown in growth over the first half of 2003 to plus 5%. Survey available from www.gvagrimley.co.uk/Research/SurveyPropertyTrends www.cbi.org.uk/ndbs/press.nsf/0363c1f07c6ca12a8025671c00381cc7/21dc5047f593828980256c91003e42e5?OpenDocument | ||
| 590 | _aWB | ||
| 650 | _aCBI | ||
| 650 | _aGVA GRIMLEY | ||
| 650 | _aPROPERTY-COMMERCIAL PROPERTY | ||
| 650 | _aSUPPLY AND DEMAND | ||
| 650 | _aPROPERTY HOLDINGS | ||
| 690 | _aPROPERTY-COMMERCIAL PROPERTY-COMMERCIAL PROPERTY MARKET | ||
| 942 | _n0 | ||
| 999 |
_c71904 _d71904 |
||